Every US State's Nickname - Statistics

General Stats
  • This quiz has been taken 112 times
  • The average score is 35 of 50
Answer Stats
Nickname State % Correct
The Mount Rushmore State South Dakota
100%
The Grand Canyon State Arizona
85%
The Golden State California
85%
The Sunshine State Florida
85%
The Aloha State Hawaii
85%
The Peach State Georgia
83%
The Empire State New York
83%
The First State Delaware
81%
The Garden State New Jersey
81%
The Volunteer State Tennessee
81%
The Lone Star State Texas
81%
The Last Frontier Alaska
77%
The Bay State Massachusetts
77%
The Beaver State Oregon
77%
The Bluegrass State Kentucky
75%
Land Of 10,000 Lakes Minnesota
75%
The Sooner State Oklahoma
75%
The Green Mountain State Vermont
75%
Heart Of Dixie Alabama
73%
The Show-Me State Missouri
73%
The Buckeye State Ohio
73%
The Constitution State Connecticut
71%
The Hoosier State Indiana
71%
The Pelican State Louisiana
71%
The Tar Heel State North Carolina
71%
The Old Dominion Virginia
71%
The Evergreen State Washington
71%
The Keystone State Pennsylvania
69%
The Ocean State Rhode Island
69%
The Beehive State Utah
69%
Land Of Lincoln Illinois
67%
The Sunflower State Kansas
67%
The Magnolia State Mississippi
67%
The Cornhusker State Nebraska
67%
The Palmetto State South Carolina
67%
The Natural State Arkansas
65%
The Hawkeye State Iowa
65%
The Sliver State Nevada
65%
The Centennial State Colorado
63%
The Gem State Idaho
63%
Land Of Enchantment New Mexico
63%
America's Dairyland Wisconsin
63%
The Peace Garden State North Dakota
62%
The Mountain State West Virginia
62%
Vacationland Maine
60%
The Wolverine State Michigan
60%
The Granite State New Hampshire
58%
The Equality State Wyoming
56%
The Treasure State Montana
50%
The Free State Maryland
42%
No matching quizzes found
Score Distribution
Percent of People with Each Score
Percentile by Number Answered
Your Score History
You have not taken this quiz